000 00363nam a2200133Ia 4500
005 20260328104330.0
008 260328s9999||||xx |||||||||||||| ||und||
100 _aBravo, Edgar
245 0 _aIdeas de Hábitat :
_b Arquitectura en Perú 2010-2020 /
_cEdgar Bravo
260 _bMinisterio de Cultura de Perú
300 _a372 p.
650 _aPERÚ
942 _cBK
999 _c11676
_d11676